000 00514nam a22002051a 4500
001 3716
003 OSt
005 20260204211901.0
008 050206s1986||||dr ||||||b||||||||||spa||
050 _aRD 972.93 M317c
082 _aRD 972.93 M317c
100 _aMañon Melvin, Juan
245 _aCambio de mandos / Melvin Mañon
250 _a3
264 _aSanto Domingo : Taller
300 _a223 p
500 _aIncluye indice
650 _a1.Historia Política - República DominicanaÌ
942 _2ddc
_cBK
999 _c3716
_d3716